000
00309nam a22001217a 4500
082
_a
515.63 MUN'E
100
_a
MUNAWAR, HUSSAIN DR
_9
78296
245
_a
ELEMENTARY VECTOR ANALYSIS
260
_a
LAHORE
_b
CARAVAN
_c
1985
300
_a
121P
700
_a
HAFEEZ, MUHAMMAD SHEIKH,SAEED, M. A
_9
78602
942
_c
BK
999
_c
583712
_d
583712